| 000 | 00642nam a2200181 a 4500 | ||
|---|---|---|---|
| 001 | 000044625 | ||
| 005 | 20201002045517.0 | ||
| 008 | 141210s2014 dr 000 0 spa d | ||
| 020 | _a9789945468021 | ||
| 040 |
_aDO-SdBNP _bspa _cBNPHU |
||
| 082 |
_axxxx _bxxxx |
||
| 110 | 1 |
_aRepública Dominicana. _bCamara de Diputados de la República Dominicana _9367 |
|
| 240 | 1 | 0 | _a[Leyes, etc.] |
| 245 | 1 | 0 |
_aReglamento de la Camara de Diputados de la República Dominicana / _cpresentación Abel Martínez Durán. |
| 250 | _a2a ed. | ||
| 260 |
_aSanto Domingo : _bCamara de Diputados de la República Dominicana, _c2014. |
||
| 300 |
_a185 p. ; _c21 cm. |
||
| 999 |
_c44114 _d44114 |
||